• 首页
  • 本馆介绍
  • 公告通知
  • 最新文献
  • 馆藏检索
  • 电子资源
  • 读者导购
  • 参考咨询
  • 我的图书馆
  • 登录
  • 详细信息显示
  • 放入我的书架
  • 预约/预借图书
  • 作者相关作品
  • 分类相关作品
  • 丛书相关作品
  • 出版社相关作品

书目信息

  • 表格格式
  • 工作单格式
  • 卡片格式
题名:
特殊矩阵
    
 
作者: 陈景良 , 陈向晖 著
分册:  
出版信息: 北京   清华大学出版社  2001
页数: 795页
开本: 20cm
丛书名:
单 册:
中图分类: O151.21
科图分类:
主题词: 矩阵--理论
电子资源:
ISBN: 7-302-04129-6
000 00601nam0 2200217 45
001 0112300913
005 20031219104052.5
010    @a7-302-04129-6@dCNY45.00
100    @a20011230d2001 km y0chiy0120 ea
101 0  @achi
105    @a z 000yy
200 1  @a特殊矩阵@ATe Shu Ju Zhen@f陈景良,陈向晖著@FChen Jing Liang,Chen Xiang Hui Zhu
210    @a北京@c清华大学出版社@d2001
215    @a795页@d20cm
320    @a书末附索引
606 0  @a矩阵@x理论
690    @aO151.21@v4
701  0 @a陈景良@4著
701  0 @a陈向晖@4著
801    @aCN@bTSTC@c20011230
905    @b303168-177@dO151.21@e134@f10
    
    特殊矩阵/陈景良,陈向晖著.-北京:清华大学出版社,2001
    795页;20cm
    
    
    ISBN 7-302-04129-6:CNY45.00
    
●
相关链接 在E读中查询图书 在五车中查询图书 在当当中查询图书 在豆瓣中查询图书


正题名:特殊矩阵     索取号:O151.21/134         预约/预借

序号 登录号 条形码 馆藏地/架位号 状态 备注
1 0303168   203031682   第三借阅区/ [索取号:O151.21/134] 在馆    
2 0303169   203031691   第三借阅区/ [索取号:O151.21/134] 在馆    
3 0303170   203031708   第三借阅区/ [索取号:O151.21/134] 在馆    
4 0303171   203031717   第三借阅区/ [索取号:O151.21/134] 在馆    
5 0303172   203031726   第三借阅区/ [索取号:O151.21/134] 在馆    
6 0303173   203031735   第三借阅区/ [索取号:O151.21/134] 在馆    
7 0303174   203031744   第三借阅区/ [索取号:O151.21/134] 在馆    
8 0303175   203031753   第三借阅区/ [索取号:O151.21/134] 在馆    
9 0303176   203031762   第三借阅区/ [索取号:O151.21/134] 在馆    
10 0303177   203031771   第二样本阅览室/ [索取号:O151.21/134] 在馆    
唐山师范学院图书馆 欢迎您!
大连网信软件有限公司© 版权所有